Loading...
| History - American | 2 | 2 | 2 | 0 | 40 | 20 | 76.75 | 2 | 3 | 12.10 | 23.64 |
| History - Other | 0 | 2 | 0 | 0 | 20 | 114 | 125.00 | 0 | 0 | 4.79 | 10.00 |
| Beliefs | 0 | 2 | 1 | 1 | 15 | 117 | 125.00 | 0 | 0 | 0.87 | 3.21 |
| History - World | 0 | 1 | 0 | 0 | 10 | 121 | 121.00 | 0 | 0 | 0.06 | 0.65 |
| Fine Arts - Other Arts | 0 | 1 | 0 | 1 | 10 | 133 | 133.00 | 0 | 0 | 0.05 | 0.71 |
| History - European | 0 | 1 | 0 | 0 | 10 | 117 | 117.00 | 0 | 0 | 1.34 | 2.86 |
| History - Ancient | 0 | 0 | 0 | 0 | 0 | 0.00 | 0 | 0 | 0.00 | 0.00 | |
| Literature - European | 0 | 0 | 0 | 0 | 0 | 0.00 | 0 | 0 | 0.00 | 0.00 | |
| Philosophy | 0 | 1 | 2 | 0 | 0 | 133 | 133.00 | 0 | 0 | 0.11 | 0.60 |
| Social Science | 0 | 0 | 0 | 0 | 0 | 0.00 | 0 | 0 | 0.00 | 0.00 | |
| Literature - World | 0 | 0 | 1 | 0 | -5 | 0.00 | 0 | 0 | 0.00 | 0.00 | |
| Modern World | 0 | 0 | 1 | 0 | -5 | 0.00 | 0 | 0 | 0.00 | 0.00 |